00868cam a2200265 i 4500001001100000003000700011005001700018008004100035020002800076040002700104042000900131222002800140245010300168246004100271246002000312250001100332260007600343300003900419504002500458610003700483650002500520650002200545650001900567700001600586.b28222301YEEZEN20250711152527.0240619s2023 ch a e b 000 0cchi d a9789869221726q(平裝) aTWFJUbchieccrcTWFJU anbic a驚蟄 :醫者的初心00a驚蟄 :醫者的初心b長庚醫院創始的足跡與淬鍊 : 醫者的初心 /c簡榮南主編30a長庚醫院創始的足跡與淬鍊30a醫者的初心 a初版 a桃園市 :b長庚醫療財團法人林口長庚紀念醫院,c2023.11 a271面 :b部分彩圖 ;c23公分 a參考書目: 面37.27a林口長庚紀念醫院2lcstt. 7a口述歷史2lcstt. 7a人物志2lcstt. 7a訪談2lcstt.1 a簡, 榮南